| 000 | 00602nam a2200205Ia 4500 | ||
|---|---|---|---|
| 003 | GCL | ||
| 008 | 140319s9999 xx 000 0 ara d | ||
| 040 |
_aGCL / _cGCL |
||
| 082 | 0 | 4 |
_a709.1 _bز ص |
| 100 | 1 | _aزكى محمد حسن | |
| 245 | 1 | 0 |
_aالصين وفنون الاسلام / _cزكى محمد حسن |
| 300 | _a82 ص | ||
| 490 |
_aالاعمال الكاملة للدكتور زكى محمد حسن _v0 |
||
| 650 | 0 | 4 | _aالزخرفة |
| 650 | 0 | 4 | _aالتصوير |
| 650 | 0 | 4 | _aالتحف |
| 650 | 0 | 4 | _aالفن الاسلامى |
| 650 | 0 | 4 | _aالفن الصينى |
| 942 |
_2ddc _cBK |
||
| 999 |
_c46533 _d46533 |
||